[Event "Oberfranken-ch M 0910"]
[Site "Schney"]
[Date "2010.01.04"]
[Round "3"]
[White "Niemetz, Alexander"]
[Black "Kudlich, Harald"]
[Result "0-1"]
[WhiteElo "2008"]
[BlackElo "1810"]
[PlyCount "66"]
[EventDate "2010.01.03"]
[EventType "swiss"]
[EventRounds "7"]
[EventCountry "GER"]
[SourceTitle "EXT 2015"]
[Source "ChessBase"]
[SourceDate "2014.11.20"]
[SourceVersion "1"]
[SourceVersionDate "2014.11.20"]
[SourceQuality "1"]

1. d4 Nf6 2. c4 g6 3. Nc3 Bg7 4. e4 d6 5. f4 0-0 6. Nf3 Na6 7. Be2 e5 8. fxe5 dxe5 9. d5 Nc5 10. Qc2 Nfxe4 11. Nxe4 Bf5 12. Bd3 Bxe4 13. Bxe4 f5 14. Bxf5 Rxf5 15. Be3 e4 16. Bxc5 exf3 17. 0-0 Qg5 18. g3 b6 19. Bf2 Qg4 20. Rae1 Qh3 21. Be3 Re8 22. Rf2 Qg4 23. b3 Bd4 24. Qd2 Qe4 25. Bxd4 Qxe1+ 26. Qxe1 Rxe1+ 27. Rf1 Rxf1+ 28. Kxf1 h5 29. h4 Kf7 30. Kf2 Ke7 31. a4 c6 32. dxc6 Kd6 33. a5 Rxa5 0-1

[Event "Oberfranken-ch M 0910"]
[Site "Schney"]
[Date "2010.01.03"]
[Round "1"]
[White "Heimerdinger, Joerg"]
[Black "Kudlich, Harald"]
[Result "1-0"]
[WhiteElo "2142"]
[BlackElo "1810"]
[PlyCount "87"]
[EventDate "2010.01.03"]
[EventType "swiss"]
[EventRounds "7"]
[EventCountry "GER"]
[SourceTitle "EXT 2015"]
[Source "ChessBase"]
[SourceDate "2014.11.20"]
[SourceVersion "1"]
[SourceVersionDate "2014.11.20"]
[SourceQuality "1"]

1. e4 c5 2. Nf3 d6 3. c3 Nf6 4. Be2 g6 5. 0-0 Bg7 6. Re1 0-0 7. Bf1 Nc6 8. h3 b6 9. d4 Bb7 10. d5 Nb8 11. c4 Nfd7 12. Nc3 Na6 13. Bf4 f6 14. Qd2 Nc7 15. Nh2 Ne5 16. Bh6 g5 17. Bxg7 Kxg7 18. g3 Bc8 19. f4 gxf4 20. gxf4 Nf7 21. Nf3 Kh8 22. Kh2 Rg8 23. Qf2 Qf8 24. Qh4 Bb7 25. Bd3 Qh6 26. Qxh6 Nxh6 27. e5 fxe5 28. fxe5 Raf8 29. Rf1 b5 30. b3 bxc4 31. bxc4 Nf5 32. exd6 exd6 33. Ne5 Bc8 34. Nc6 a6 35. Rae1 Bd7 36. Ne7 Rg5 37. Nxf5 Bxf5 38. Bxf5 Rgxf5 39. Rxf5 Rxf5 40. Re7 Rf3 41. Ne4 Re3 42. Kg2 Nxd5 43. cxd5 Rd3 44. Nf6 1-0

[Event "Landesliga Nord 0304"]
[Site "Bayern"]
[Date "2004.03.07"]
[Round "7.8"]
[White "Kudlich, Harald"]
[Black "Roerig, Erwin"]
[Result "0-1"]
[WhiteElo "1907"]
[BlackElo "2009"]
[PlyCount "132"]
[EventDate "2003.10.??"]
[EventType "team"]
[EventRounds "9"]
[EventCountry "GER"]
[SourceTitle "EXT 2006"]
[Source "ChessBase"]
[SourceDate "2005.11.24"]
[SourceVersion "1"]
[SourceVersionDate "2005.11.24"]
[SourceQuality "1"]
[WhiteTeam "Bamberg II"]
[BlackTeam "Neutraubling"]
[WhiteTeamCountry "GER"]
[BlackTeamCountry "GER"]

1. Nf3 g6 2. g3 Bg7 3. Bg2 Nc6 4. d4 d5 5. 0-0 Bg4 6. c3 Qd7 7. Re1 Nf6 8. Ne5 Qe6 9. Nxg4 Qxg4 10. f3 Qd7 11. e4 dxe4 12. fxe4 e5 13. d5 Ne7 14. c4 h5 15. Rf1 Qd6 16. Qe2 Ng4 17. h3 Qb6+ 18. Kh1 Bh6 19. Bxh6 Nxh6 20. Nc3 0-0 21. b3 Rae8 22. Na4 Qa5 23. Qe3 Kh7 24. Qc5 Qxc5 25. Nxc5 Nc8 26. Nd7 Kg7 27. Nxf8 Rxf8 28. c5 g5 29. b4 Rd8 30. b5 Ne7 31. Rfd1 Nc8 32. Kh2 Ng8 33. a4 b6 34. cxb6 cxb6 35. Rac1 Nf6 36. Rc7 Ne8 37. Rc2 Ncd6 38. Kg1 Rd7 39. Rc6 Nf6 40. Bf3 Kg6 41. Kf1 g4 42. hxg4 hxg4 43. Bg2 Nfe8 44. Ke2 f6 45. Ke3 Kg5 46. Rf1 Rg7 47. Rf2 Re7 48. Bf1 Rh7 49. Bg2 Re7 50. Rf1 f5 51. exf5 Nxf5+ 52. Rxf5+ Kxf5 53. Be4+ Kg5 54. Rg6+ Kh5 55. Re6 Rxe6 56. dxe6 Kg5 57. Bc6 Nd6 58. e7 Nf5+ 59. Ke4 Nxe7 60. Kxe5 Nf5 61. Ke6 Nxg3 62. Kd7 Kf4 63. Bg2 Ne4 64. Kc7 Nc5 65. Kb8 Ke5 66. Kxa7 Nxa4 0-1

[Event "Landesliga Nord 0304"]
[Site "Bayern"]
[Date "2003.12.14"]
[Round "4.7"]
[White "Kudlich, Harald"]
[Black "Lichtinger, Bernd"]
[Result "0-1"]
[WhiteElo "1907"]
[BlackElo "2004"]
[PlyCount "74"]
[EventDate "2003.10.??"]
[EventType "team"]
[EventRounds "9"]
[EventCountry "GER"]
[SourceTitle "EXT 2006"]
[Source "ChessBase"]
[SourceDate "2005.11.24"]
[SourceVersion "1"]
[SourceVersionDate "2005.11.24"]
[SourceQuality "1"]
[WhiteTeam "Bamberg II"]
[BlackTeam "Marktleuthen"]
[WhiteTeamCountry "GER"]
[BlackTeamCountry "GER"]

1. Nf3 d5 2. g3 c6 3. Bg2 Bg4 4. 0-0 e6 5. d3 Nf6 6. Nbd2 Be7 7. c3 Nbd7 8. Re1 0-0 9. a4 a5 10. e4 dxe4 11. dxe4 Nc5 12. Qc2 Qc7 13. Nd4 e5 14. N4b3 b5 15. Nxc5 Bxc5 16. Nb3 Bb6 17. Be3 Nd7 18. Bxb6 Qxb6 19. Nd2 Nc5 20. b3 Rfd8 21. axb5 cxb5 22. h3 Bh5 23. g4 Bg6 24. Rab1 Nd3 25. Re3 Nf4 26. Bf1 Qd6 27. Nf3 Qc5 28. b4 axb4 29. Rxb4 Ra1 30. Re1 Rxe1 31. Nxe1 h5 32. Rxb5 Nxh3+ 33. Kg2 Nf4+ 34. Kg1 Qe7 35. Ng2 Qg5 36. Nxf4 Qxf4 37. Bg2 Rd2 0-1

[Event "Bayern-ch Seniors 15th"]
[Site "Schloss Schney"]
[Date "2003.06.19"]
[Round "7.6"]
[White "Schurig, Wilhelm"]
[Black "Kudlich, Harald"]
[Result "1-0"]
[WhiteElo "2012"]
[BlackElo "1907"]
[PlyCount "47"]
[EventDate "2003.06.13"]
[EventType "swiss"]
[EventRounds "9"]
[EventCountry "GER"]
[SourceTitle "EXT 2004"]
[Source "ChessBase"]
[SourceDate "2003.11.25"]
[SourceVersion "1"]
[SourceVersionDate "2003.11.25"]
[SourceQuality "1"]

1. Nf3 Nf6 2. g3 g6 3. Bg2 Bg7 4. d3 0-0 5. 0-0 d6 6. e4 e5 7. c3 h6 8. a4 a5 9. Na3 Na6 10. h3 Bd7 11. Nc4 b6 12. d4 exd4 13. Nxd4 Re8 14. Re1 Rb8 15. e5 dxe5 16. Nxe5 Nc5 17. Nxd7 Rxe1+ 18. Qxe1 Qxd7 19. Be3 Ne6 20. Nc6 Re8 21. Rd1 Qc8 22. b4 axb4 23. cxb4 Nd8 24. Rxd8 1-0

[Event "Bayern-ch Seniors 15th"]
[Site "Schloss Schney"]
[Date "2003.06.17"]
[Round "5.10"]
[White "Kudlich, Harald"]
[Black "Mueller, Helmut2222"]
[Result "1/2-1/2"]
[WhiteElo "1907"]
[BlackElo "1865"]
[PlyCount "23"]
[EventDate "2003.06.13"]
[EventType "swiss"]
[EventRounds "9"]
[EventCountry "GER"]
[SourceTitle "EXT 2004"]
[Source "ChessBase"]
[SourceDate "2003.11.25"]
[SourceVersion "1"]
[SourceVersionDate "2003.11.25"]
[SourceQuality "1"]

1. Nf3 Nf6 2. g3 g6 3. Bg2 Bh6 4. 0-0 0-0 5. d3 c5 6. e4 d6 7. Nc3 Nc6 8. h3 Bd7 9. Be3 a6 10. a4 Re8 11. Qd2 Qc8 12. Kh2 1/2-1/2

[Event "Bayern-ch Seniors 14th"]
[Site "Schloss Schney"]
[Date "2002.06.05"]
[Round "6"]
[White "Kudlich, Harald"]
[Black "Frey, Walter"]
[Result "1-0"]
[WhiteElo "1882"]
[BlackElo "1726"]
[PlyCount "75"]
[EventDate "2002.05.31"]
[EventType "swiss"]
[EventRounds "9"]
[EventCountry "GER"]
[SourceTitle "EXT 2003"]
[Source "ChessBase"]
[SourceDate "2002.11.25"]
[SourceVersion "1"]
[SourceVersionDate "2002.11.25"]
[SourceQuality "1"]

1. Nf3 Nf6 2. g3 g6 3. Bg2 Bg7 4. 0-0 0-0 5. d3 d6 6. Nbd2 c5 7. e4 Nc6 8. c3 Rb8 9. a4 Bd7 10. Qe1 Qc7 11. Nh4 Qc8 12. f4 Bh3 13. Nhf3 Bxg2 14. Kxg2 e6 15. Nc4 Ne8 16. Ne3 Nc7 17. g4 f5 18. Qh4 Qd8 19. Qg3 fxe4 20. dxe4 d5 21. e5 Na5 22. g5 Nb3 23. Rb1 b5 24. axb5 Rxb5 25. Ng4 d4 26. Nf6+ Bxf6 27. gxf6 Qa8 28. Kg1 Nxc1 29. Rfxc1 Qe4 30. cxd4 cxd4 31. Nd2 Qb7 32. Qd3 Rd8 33. Rxc7 Qxc7 34. Qxb5 Rb8 35. Qc4 Qb6 36. b4 d3+ 37. Qc5 Qxc5+ 38. bxc5 1-0

[Event "Bayern-ch Seniors 14th"]
[Site "Schloss Schney"]
[Date "2002.06.02"]
[Round "3"]
[White "Papenkordt, Karl Hermann"]
[Black "Kudlich, Harald"]
[Result "0-1"]
[WhiteElo "1683"]
[BlackElo "1882"]
[PlyCount "82"]
[EventDate "2002.05.31"]
[EventType "swiss"]
[EventRounds "9"]
[EventCountry "GER"]
[SourceTitle "EXT 2003"]
[Source "ChessBase"]
[SourceDate "2002.11.25"]
[SourceVersion "1"]
[SourceVersionDate "2002.11.25"]
[SourceQuality "1"]

1. c4 g6 2. Nc3 Bg7 3. d4 Nf6 4. e4 d6 5. Nf3 0-0 6. Be2 e5 7. dxe5 dxe5 8. Qxd8 Rxd8 9. Bg5 c6 10. Nxe5 Re8 11. 0-0-0 Na6 12. Rd6 Be6 13. f4 Nc5 14. Bf3 Nfxe4 15. Bxe4 f6 16. Nxc6 fxg5 17. Ne5 gxf4 18. Nd3 Nxe4 19. Nxe4 Bxc4 20. Nec5 Rac8 21. Kb1 b6 22. b3 Bxd3+ 23. Nxd3 Re2 24. Rc1 Rxc1+ 25. Kxc1 Rxg2 26. Rd8+ Kf7 27. Rd7+ Kf6 28. Rxa7 Rxh2 29. Ra6 Kf5 30. Rxb6 Rxa2 31. Rb7 Bd4 32. Rf7+ Ke4 33. Nxf4 Rf2 34. Ne6 Rxf7 35. Ng5+ Kf4 36. Nxf7 h5 37. Kd2 Kg3 38. Ng5 h4 39. Ke2 h3 40. Nf3 h2 41. Nxh2 Kxh2 0-1

[Event "Bayern-ch Seniors 14th"]
[Site "Schloss Schney"]
[Date "2002.06.01"]
[Round "2"]
[White "Kudlich, Harald"]
[Black "Muenzenberg, Dietrich"]
[Result "0-1"]
[WhiteElo "1882"]
[BlackElo "1592"]
[PlyCount "64"]
[EventDate "2002.05.31"]
[EventType "swiss"]
[EventRounds "9"]
[EventCountry "GER"]
[SourceTitle "EXT 2003"]
[Source "ChessBase"]
[SourceDate "2002.11.25"]
[SourceVersion "1"]
[SourceVersionDate "2002.11.25"]
[SourceQuality "1"]

1. e4 e5 2. Nc3 Bc5 3. Bc4 Nf6 4. d3 c6 5. Nf3 Qe7 6. 0-0 0-0 7. a3 b5 8. Ba2 Bb7 9. Ne2 d5 10. exd5 Nxd5 11. Ng3 Nd7 12. Bg5 f6 13. Bd2 Kh8 14. b4 Bd6 15. Nf5 Qe6 16. Nxd6 Qxd6 17. c4 Nc7 18. Bc3 c5 19. Qe2 Rfd8 20. Rad1 a6 21. bxc5 Qxc5 22. d4 Qxa3 23. Ba1 Bxf3 24. gxf3 exd4 25. Rxd4 Re8 26. Re4 Nc5 27. Re7 N5e6 28. Rxe8+ Rxe8 29. Re1 h6 30. Bb1 Qxa1 31. Qe4 Nf8 32. Qh7+ Nxh7 0-1

[Event "Landesliga Nord 0102"]
[Site "Bayern"]
[Date "2002.02.03"]
[Round "5.8"]
[White "Kudlich, Harald"]
[Black "Feller, Simon"]
[Result "0-1"]
[WhiteElo "1925"]
[BlackElo "1655"]
[PlyCount "130"]
[EventDate "2001.10.07"]
[EventType "team"]
[EventRounds "9"]
[EventCountry "GER"]
[SourceTitle "EXT 2003"]
[Source "ChessBase"]
[SourceDate "2002.11.25"]
[SourceVersion "1"]
[SourceVersionDate "2002.11.25"]
[SourceQuality "1"]
[WhiteTeam "Bamberg II"]
[BlackTeam "Sailauf"]
[WhiteTeamCountry "GER"]
[BlackTeamCountry "GER"]

1. Nf3 d5 2. g3 Nf6 3. Bg2 g6 4. 0-0 Bg7 5. d4 0-0 6. c4 c6 7. Nc3 dxc4 8. Ne5 Be6 9. e3 Nbd7 10. f4 Nxe5 11. fxe5 Nd5 12. e4 Nb6 13. Be3 Qc8 14. Rf2 Rd8 15. Rd2 Bh3 16. Bf3 h5 17. Bf4 Bd7 18. Qe2 e6 19. Bg5 Re8 20. Qe3 Qc7 21. Bf6 Rac8 22. Bxh5 c5 23. Rf1 cxd4 24. Rxd4 Qc5 25. Bg4 Bc6 26. Rfd1 Nd7 27. Bxg7 Kxg7 28. Qf2 Re7 29. h4 Rce8 30. Be2 b5 31. a3 a6 32. Kh2 Nxe5 33. Qf4 Nd7 34. Qd6 Rc8 35. Qxc5 Nxc5 36. Bf3 Rec7 37. g4 Nd3 38. Rd2 Kf8 39. Kg3 Ke7 40. b3 e5 41. Nd5+ Bxd5 42. Rxd5 c3 43. Rc2 Ne1 44. Rc1 c2 45. Rxe1 c1Q 46. Rxc1 Rxc1 47. Rxe5+ Kf6 48. Rd5 R1c3 49. Rd6+ Kg7 50. Rxa6 Rxb3 51. Kf4 Rc1 52. Be2 Ra1 53. g5 Ra2 54. Bg4 Raxa3 55. Rb6 b4 56. h5 gxh5 57. Bxh5 Ra7 58. g6 fxg6 59. Bxg6 Rc3 60. e5 b3 61. Ke4 b2 62. Kd4 Rg3 63. Be4 Ra4+ 64. Kd5 Rg4 65. Bb1 Rab4 0-1

[Event "Landesliga Nord 0001"]
[Site "Bayern"]
[Date "2001.04.01"]
[Round "8"]
[White "Till, Eugen"]
[Black "Kudlich, Harald"]
[Result "1/2-1/2"]
[WhiteElo "2070"]
[BlackElo "1980"]
[PlyCount "71"]
[EventDate "2000.10.15"]
[EventType "team-tourn"]
[EventRounds "9"]
[EventCountry "GER"]
[SourceTitle "EXT 2020"]
[Source "ChessBase"]
[SourceDate "2019.10.17"]
[SourceVersion "1"]
[SourceVersionDate "2019.10.17"]
[SourceQuality "1"]
[WhiteTeam "Erlangen TB"]
[BlackTeam "Bamberg SC II"]
[WhiteTeamCountry "GER"]
[BlackTeamCountry "GER"]

1. Nf3 Nf6 2. d4 g6 3. c4 Bg7 4. Nc3 0-0 5. g3 d6 6. Bg2 Nc6 7. 0-0 e5 8. h3 a6 9. Be3 Rb8 10. Rc1 Re8 11. Kh2 h6 12. Qd2 Kh7 13. dxe5 dxe5 14. Rfd1 Qxd2 15. Rxd2 Be6 16. b3 Rbd8 17. Rcd1 Rxd2 18. Rxd2 Nd7 19. Ne1 f5 20. Nd5 Rc8 21. Nc2 g5 22. f3 Nf6 23. Nxf6+ Bxf6 24. Bf2 Rd8 25. Rxd8 Bxd8 26. e3 Be7 27. Bf1 Nb4 28. Nxb4 Bxb4 29. Bd3 Kg7 30. g4 Kf6 31. e4 f4 32. Kg2 Ke7 33. Kf1 Kd6 34. Ke2 Bd7 35. Kd1 c5 36. Kc2 1/2-1/2

[Event "Regionalliga NW 9900"]
[Site "Bayern"]
[Date "2000.??.??"]
[Round "9.8"]
[White "Blinzler, Hans"]
[Black "Kudlich, Harald"]
[Result "1/2-1/2"]
[WhiteElo "1815"]
[BlackElo "1865"]
[PlyCount "96"]
[EventDate "1999.??.??"]
[EventType "team-tourn"]
[EventRounds "9"]
[EventCountry "GER"]
[SourceTitle "EXT 2020"]
[Source "ChessBase"]
[SourceDate "2019.10.17"]
[SourceVersion "1"]
[SourceVersionDate "2019.10.17"]
[SourceQuality "1"]
[WhiteTeam "Kronach"]
[BlackTeam "Bamberg SC III"]
[WhiteTeamCountry "GER"]
[BlackTeamCountry "GER"]

1. d4 Nf6 2. c4 g6 3. Nc3 Bg7 4. e4 d6 5. f3 0-0 6. Be3 c5 7. d5 e6 8. Qd2 exd5 9. cxd5 a6 10. a4 Nbd7 11. Bd3 Ne5 12. Nge2 Rb8 13. a5 Bd7 14. 0-0 Ne8 15. g4 Nc7 16. Ng3 Qe8 17. Be2 Nb5 18. h4 Nd4 19. Ra3 b5 20. axb6 Rxb6 21. Bxd4 cxd4 22. Nd1 d3 23. Bxd3 Nxd3 24. Rxd3 Bb5 25. Rb3 Qe5 26. Qf2 Qd4 27. Kh2 Rfb8 28. Qxd4 Bxd4 29. Re1 Bc4 30. Rxb6 Rxb6 31. f4 Bxb2 32. Nxb2 Rxb2+ 33. Kg1 Kf8 34. Rc1 Rb4 35. Kf2 a5 36. h5 a4 37. hxg6 hxg6 38. Ra1 Bb3 39. Ke3 Ke7 40. Ne2 Rb7 41. Nd4 Kf6 42. Kd3 g5 43. fxg5+ Kxg5 44. Nf5 Rb6 45. Ne3 Rb4 46. Nf5 Rb6 47. Ne3 Rb7 48. Nf5 Rb6 1/2-1/2

[Event "Bayern-ch Seniors 12th"]
[Site "Schloss Schney"]
[Date "2000.??.??"]
[Round "1"]
[White "Fels, Karl Heinz"]
[Black "Kudlich, Harald"]
[Result "0-1"]
[WhiteElo "1914"]
[BlackElo "1945"]
[PlyCount "100"]
[EventDate "2000.11.02"]
[EventType "swiss"]
[EventRounds "9"]
[EventCountry "GER"]
[SourceTitle "EXT 2002"]
[Source "ChessBase"]
[SourceDate "2001.11.25"]
[SourceVersion "1"]
[SourceVersionDate "2001.11.25"]
[SourceQuality "1"]

1. e4 c5 2. Nf3 d6 3. d4 cxd4 4. Nxd4 Nf6 5. Nc3 a6 6. Bg5 e6 7. f4 Be7 8. Qf3 Qc7 9. 0-0-0 Nbd7 10. g4 b5 11. Bxf6 Nxf6 12. g5 Nd7 13. Rg1 Bb7 14. Kb1 Nc5 15. a3 Qb6 16. b4 Na4 17. Nxa4 bxa4 18. f5 d5 19. fxe6 fxe6 20. e5 g6 21. Qg4 Bc8 22. c3 0-0 23. h4 a5 24. Nc2 axb4 25. cxb4 Rf5 26. Re1 Ba6 27. Bxa6 Rxa6 28. Rgf1 Ra8 29. Qd4 Qc7 30. Rxf5 gxf5 31. Rg1 Rc8 32. Rg2 Qc4 33. Rd2 Qb3+ 34. Qb2 Qg3 35. Qd4 Kf7 36. Rd3 Qg2 37. Rc3 Rxc3 38. Qxc3 Qe4 39. Qd4 f4 40. Kb2 Qf3 41. Qc3 Qe2 42. Kc1 Qg4 43. Qe1 f3 44. Ne3 Qe4 45. Qf2 Bd8 46. Nd1 d4 47. Kd2 Bc7 48. Nb2 Bxe5 49. Nxa4 Bf4+ 50. Kd1 Qb1# 0-1

[Event "Regionalliga NW 9900"]
[Site "Bayern"]
[Date "2000.??.??"]
[Round "5.7"]
[White "Kudlich, Harald"]
[Black "Kwossek, Georg"]
[Result "1-0"]
[WhiteElo "1865"]
[BlackElo "1895"]
[PlyCount "63"]
[EventDate "1999.??.??"]
[EventType "team-tourn"]
[EventRounds "9"]
[EventCountry "GER"]
[SourceTitle "EXT 2020"]
[Source "ChessBase"]
[SourceDate "2019.10.17"]
[SourceVersion "1"]
[SourceVersionDate "2019.10.17"]
[SourceQuality "1"]
[WhiteTeam "Bamberg SC III"]
[BlackTeam "Kitzingen SC"]
[WhiteTeamCountry "GER"]
[BlackTeamCountry "GER"]

1. e4 e5 2. Nc3 Nc6 3. Bc4 Bc5 4. Qg4 g6 5. Qg3 Nf6 6. Nf3 Nh5 7. Qg5 Be7 8. Qe3 Nf4 9. 0-0 Ne6 10. Ne2 Bc5 11. Qh6 Bf8 12. Qe3 Bc5 13. Qc3 d6 14. d3 Bb4 15. Qb3 0-0 16. c3 Bc5 17. Qc2 Bb6 18. Bh6 Re8 19. b4 Qf6 20. Qd2 Kh8 21. Kh1 Rg8 22. Ng5 Qe7 23. f4 f5 24. a4 a6 25. Bb3 exf4 26. Bxe6 Bxe6 27. Nxf4 Bd7 28. Nd5 Qe8 29. Nf6 Qe7 30. Nxg8 Rxg8 31. exf5 Be3 32. Qxe3 1-0

[Event "Bayern-ch Seniors 12th"]
[Site "Schloss Schney"]
[Date "2000.??.??"]
[Round "2"]
[White "Kudlich, Harald"]
[Black "Niebling, Ferdinand"]
[Result "1-0"]
[WhiteElo "1945"]
[BlackElo "2059"]
[PlyCount "119"]
[EventDate "2000.11.02"]
[EventType "swiss"]
[EventRounds "9"]
[EventCountry "GER"]
[SourceTitle "EXT 2002"]
[Source "ChessBase"]
[SourceDate "2001.11.25"]
[SourceVersion "1"]
[SourceVersionDate "2001.11.25"]
[SourceQuality "1"]

1. Nf3 Nf6 2. g3 d5 3. Bg2 c5 4. 0-0 Nc6 5. d4 cxd4 6. Nxd4 g6 7. Nxc6 bxc6 8. c4 Bg7 9. Nc3 e6 10. Bg5 h6 11. Bf4 0-0 12. Qd2 Ng4 13. Qc1 g5 14. Bd2 Ba6 15. h3 Ne5 16. b3 Ng6 17. Qa3 Bb7 18. cxd5 cxd5 19. Rac1 Qd7 20. Rfd1 Rfc8 21. Na4 Bf8 22. Bb4 Qb5 23. Bxf8 Nxf8 24. e3 Nd7 25. Bf1 Qa5 26. b4 Qd8 27. Bb5 Nb6 28. Nc5 Qe7 29. Nxb7 Qxb7 30. Ba6 Rxc1 31. Rxc1 Qd7 32. Qa5 Rd8 33. Be2 Kg7 34. Bb5 Qe7 35. Qa3 Kg8 36. Qb3 d4 37. a3 Qd6 38. Rd1 e5 39. exd4 exd4 40. a4 Qe5 41. Bd3 Rc8 42. a5 Rc3 43. Qb1 Nd5 44. Re1 Qd6 45. b5 Nb4 46. Rd1 Qc5 47. Kg2 Nxd3 48. Rxd3 Qd5+ 49. Kg1 Qf5 50. Rd1 Qxh3 51. Qe4 Qd7 52. Rxd4 Rc1+ 53. Kh2 Qxb5 54. Rd8+ Kg7 55. Qd4+ Kg6 56. Qe4+ Kg7 57. Qd4+ Kg6 58. Rd6+ Kh7 59. Qf6 Qe8 60. Qxh6+ 1-0

[Event "Bayern-ch Seniors 12th"]
[Site "Schloss Schney"]
[Date "2000.??.??"]
[Round "9"]
[White "Neese, Hans Joachim"]
[Black "Kudlich, Harald"]
[Result "1-0"]
[WhiteElo "2160"]
[BlackElo "1945"]
[PlyCount "75"]
[EventDate "2000.11.02"]
[EventType "swiss"]
[EventRounds "9"]
[EventCountry "GER"]
[SourceTitle "EXT 2002"]
[Source "ChessBase"]
[SourceDate "2001.11.25"]
[SourceVersion "1"]
[SourceVersionDate "2001.11.25"]
[SourceQuality "1"]

1. d4 Nf6 2. Nf3 g6 3. c4 Bg7 4. Nc3 0-0 5. Bg5 h6 6. Bh4 d6 7. h3 Nbd7 8. e3 c6 9. Be2 Re8 10. 0-0 Nf8 11. Nd2 Qc7 12. f4 e5 13. fxe5 N6h7 14. exd6 Qxd6 15. c5 Qc7 16. Nc4 Ng5 17. Bxg5 hxg5 18. Qd2 Be6 19. Nd6 Re7 20. Rad1 Qd7 21. e4 g4 22. hxg4 Bxg4 23. e5 Bxe2 24. Qxe2 b5 25. Nce4 Nh7 26. Qf3 a5 27. Rd2 Rf8 28. Rdf2 f6 29. Qb3+ Qe6 30. exf6 Nxf6 31. Nxf6+ Kh8 32. Nde4 Qxb3 33. axb3 Rxe4 34. Nxe4 Bxd4 35. Kh2 Bxf2 36. Rxf2 Re8 37. Re2 Re5 38. Kg3 1-0

[Event "Bayern-ch Seniors 12th"]
[Site "Schloss Schney"]
[Date "2000.??.??"]
[Round "7"]
[White "Walther, Diethelm"]
[Black "Kudlich, Harald"]
[Result "1/2-1/2"]
[WhiteElo "2067"]
[BlackElo "1945"]
[PlyCount "62"]
[EventDate "2000.11.02"]
[EventType "swiss"]
[EventRounds "9"]
[EventCountry "GER"]
[SourceTitle "EXT 2002"]
[Source "ChessBase"]
[SourceDate "2001.11.25"]
[SourceVersion "1"]
[SourceVersionDate "2001.11.25"]
[SourceQuality "1"]

1. d4 Nf6 2. Bg5 g6 3. Bxf6 exf6 4. e4 Bg7 5. Nf3 d6 6. Bc4 0-0 7. 0-0 Nc6 8. c3 f5 9. exf5 Bxf5 10. Nbd2 Na5 11. Be2 c5 12. Nb3 Nxb3 13. Qxb3 Qc7 14. Rfe1 a6 15. a4 Rac8 16. dxc5 dxc5 17. Bc4 Bf6 18. Re3 Bd7 19. a5 Bc6 20. Rae1 Rfe8 21. h3 Kg7 22. Rxe8 Rxe8 23. Rxe8 Bxe8 24. Bd5 Bc6 25. Qc4 Qd7 26. Bxc6 Qxc6 27. Nd2 Be7 28. Qe2 Bd6 29. Nc4 Bb8 30. g3 Bc7 31. Kh2 Bd6 1/2-1/2

[Event "Regionalliga NW 9900"]
[Site "Bayern"]
[Date "2000.??.??"]
[Round "8.7"]
[White "Zimlich, Juergen"]
[Black "Kudlich, Harald"]
[Result "0-1"]
[WhiteElo "1895"]
[BlackElo "1865"]
[PlyCount "134"]
[EventDate "1999.??.??"]
[EventType "team-tourn"]
[EventRounds "9"]
[EventCountry "GER"]
[SourceTitle "EXT 2020"]
[Source "ChessBase"]
[SourceDate "2019.10.17"]
[SourceVersion "1"]
[SourceVersionDate "2019.10.17"]
[SourceQuality "1"]
[WhiteTeam "Sailauf"]
[BlackTeam "Bamberg SC III"]
[WhiteTeamCountry "GER"]
[BlackTeamCountry "GER"]

1. d4 Nf6 2. c4 g6 3. Nc3 Bg7 4. e4 d6 5. Bg5 h6 6. Be3 0-0 7. f3 e5 8. dxe5 dxe5 9. Qxd8 Rxd8 10. Nd5 Nxd5 11. cxd5 c6 12. Bc4 cxd5 13. Bxd5 Nc6 14. Bxc6 bxc6 15. Rc1 Be6 16. b3 Rdc8 17. Ne2 a5 18. Nc3 Bf8 19. Na4 Ra6 20. Bc5 Bg7 21. 0-0 Rd8 22. Rc2 Rd3 23. Be7 Ra7 24. Ba3 Ra8 25. Nc5 Rd6 26. Rfc1 Rad8 27. Kf1 Bc8 28. Ke1 h5 29. Na4 Rd3 30. Be7 Re8 31. Nc5 Rd4 32. Bg5 Bf8 33. Na4 Ba3 34. Rb1 Bb4+ 35. Bd2 f5 36. Bxb4 axb4 37. Rxc6 fxe4 38. Rxg6+ Kf7 39. Rc6 exf3 40. gxf3 Rg8 41. Rb2 Bd7 42. Rc7 Kf6 43. Nc5 Bh3 44. Ne4+ Ke6 45. Rbc2 Rg1+ 46. Kf2 Rg2+ 47. Ke3 Rxc2 48. Rxc2 Bf5 49. Rc6+ Ke7 50. Rh6 Rd5 51. Rxh5 Bg6 52. Rg5 Kf7 53. h4 Ra5 54. h5 Bh7 55. h6 Bg6 56. Rg2 Ra8 57. Rc2 Ra7 58. Rc6 Bxe4 59. Kxe4 Rxa2 60. Kxe5 Rf2 61. Rc7+ Kg8 62. h7+ Kh8 63. f4 Rf3 64. f5 Rxb3 65. Kf6 Rg3 66. Rb7 b3 67. Kf7 Rg7+ 0-1

[Event "Bayern-ch Seniors 11th"]
[Site "Schloss Schney"]
[Date "1999.??.??"]
[Round "5"]
[White "Kudlich, Harald"]
[Black "Gudat, Alfons"]
[Result "1-0"]
[WhiteElo "1865"]
[BlackElo "2037"]
[PlyCount "131"]
[EventDate "1999.11.??"]
[EventType "swiss"]
[EventRounds "9"]
[EventCountry "GER"]
[SourceTitle "EXT 2002"]
[Source "ChessBase"]
[SourceDate "2001.11.25"]
[SourceVersion "1"]
[SourceVersionDate "2001.11.25"]
[SourceQuality "1"]

1. e4 c5 2. Nf3 Nc6 3. g3 g6 4. Bg2 Bg7 5. d3 e6 6. 0-0 Nge7 7. Nbd2 0-0 8. c3 d5 9. Qc2 b6 10. Re1 Ba6 11. a3 Rc8 12. Bf1 d4 13. c4 Rc7 14. Qa4 Bc8 15. b4 Bd7 16. b5 Na5 17. Qc2 e5 18. Nb3 Nb7 19. a4 Bg4 20. Bg2 Nc8 21. h3 Bxf3 22. Bxf3 Nbd6 23. a5 f5 24. axb6 axb6 25. exf5 Rxf5 26. Bd5+ Kh8 27. Nd2 Rf8 28. Ne4 Nxe4 29. Bxe4 Nd6 30. Bd5 Nxb5 31. f4 Nc3 32. Bg2 e4 33. Bxe4 Re7 34. Bb2 Nxe4 35. dxe4 d3 36. Bxg7+ Rxg7 37. Qc3 Kg8 38. Rad1 Rd7 39. Re3 d2 40. Kf2 Rd4 41. Ke2 Qd7 42. Rxd2 Qxh3 43. Rxd4 Qg2+ 44. Kd3 Qf1+ 45. Re2 Qf3+ 46. Kd2 Qxc3+ 47. Kxc3 cxd4+ 48. Kxd4 Rd8+ 49. Kc3 Ra8 50. Kb4 Ra1 51. Re3 Kf7 52. Rb3 h5 53. Kb5 Rc1 54. Rd3 Rb1+ 55. Kc6 Rb4 56. Rd4 Ke6 57. e5 Kf5 58. Kd5 Rb3 59. Kc6 Rxg3 60. Kxb6 Rb3+ 61. Kc6 h4 62. Rd1 Rf3 63. Kd6 h3 64. e6 h2 65. e7 Rd3+ 66. Rxd3 1-0

[Event "Bayern-ch Seniors 11th"]
[Site "Schloss Schney"]
[Date "1999.??.??"]
[Round "1"]
[White "Kudlich, Harald"]
[Black "Janzen, Christian"]
[Result "1-0"]
[WhiteElo "1865"]
[BlackElo "1700"]
[PlyCount "41"]
[EventDate "1999.11.??"]
[EventType "swiss"]
[EventRounds "9"]
[EventCountry "GER"]
[SourceTitle "EXT 2002"]
[Source "ChessBase"]
[SourceDate "2001.11.25"]
[SourceVersion "1"]
[SourceVersionDate "2001.11.25"]
[SourceQuality "1"]

1. e4 e6 2. d3 c5 3. Nf3 d6 4. g3 Nc6 5. Bg2 Nge7 6. 0-0 Qc7 7. Nc3 a6 8. a4 Bd7 9. Be3 Ng6 10. d4 e5 11. dxc5 dxc5 12. Nd5 Qd8 13. c3 Be6 14. Ng5 Bd6 15. f4 h6 16. Nxe6 fxe6 17. Qh5 exd5 18. Qxg6+ Kd7 19. exd5 Ne7 20. Qe6+ Kc7 21. fxe5 1-0